000
00399nam a2200145Ia 4500
008
090123s9999 xx 000 0 und d
082
_b
25624
245
_a
डाक्टर वायरस
250
_a
0
260
_b
राज पॉकेट बुक्स
300
_a
62
630
_a
डाक्टर वायरस
730
_a
डाक्टर वायरस
942
_c
BOOK
999
_c
63695
_d
63695